MännerAkt : sammlung Janssen : katalog zur ersten ausstellung der fotogalerie Volker Janssen
Uloženo v:
| Hlavní autor: | |
|---|---|
| Médium: | Kniha |
| Jazyk: | angličtina |
| Vydáno: |
Berlin
Janssen
[1987]
|
| Tagy: |
Žádné tagy, Buďte první, kdo vytvoří štítek k tomuto záznamu!
|
MARC
| LEADER | 00000nam a2200000 4500 | ||
|---|---|---|---|
| 001 | CDOM0000001169 | ||
| 003 | mi | ||
| 005 | 20250819142610.0 | ||
| 008 | 250819b |||||||| |||| 00| 0 eng d | ||
| 020 | |a 3925443150 | ||
| 020 | |a 9783925443152 | ||
| 040 | |c mi | ||
| 100 | |a Jassen, Volker | ||
| 245 | 1 | |a MännerAkt : |b sammlung Janssen : katalog zur ersten ausstellung der fotogalerie Volker Janssen |c [a cura di] Volker Janssen | |
| 260 | |a Berlin |b Janssen |c [1987] | ||
| 300 | |a 119 pagine. |c per la maggior parte foto. (b/n) |c 30 cm. | ||
| 410 | 0 | |a Men's art gallery | |
| 942 | |2 ddc |c BK | ||
| 952 | |0 0 |1 0 |2 ddc |4 0 |6 B_AFT01JANVOMAN11 |7 0 |9 8214 |a MI |b MI |d 2005-08-24 |i 4733 |l 0 |o B-AFT01-JANVO-MAN11 |p CDOM4733 |r 2025-07-17 21:50:23 |w 2025-07-17 |x ACQUISTO |y BK | ||
| 999 | |c 6874 |d 6874 | ||